[Event "Blackmar-Diemer Gambit Thematic #3"]
[Site "SchemingMind.com"]
[Date "2018.09.06"]
[Round "-"]
[White "Marc Wakeham"]
[Black "echecs"]
[Result "0-1"]
[WhiteCountry "WLS"]
[BlackCountry "ENG"]
[WhiteElo "1597"]
[WhiteRD "78"]
[BlackElo "1835"]
[BlackRD "62"]
[GameID "432214"]

1. d4 d5 2. Nc3 Nf6 3. e4 dxe4 4. f3 exf3 5. Nxf3 c6 6. Bc4 e6 7. O-O Be7 8. Bg5 O-O 9. Ne5 Nbd7 10. Nxd7 Qxd7
11. Qd3 b5 12. Bb3 a5 13. a3 Ba6 14. Ne2 Nd5 15. Bxe7 Qxe7 16. Rfe1 Qd6 17. Qg3 Qd7 18. Nf4 Rae8 19. Nxd5 cxd5 20. c3 Qc6
21. Qh3 Qd6 22. Bc2 g6 23. Qh6 Rc8 24. Re3 f5 25. Rh3 Rc7 26. Re1 Rff7 27. Bd3 Rg7 28. Ree3 b4 29. Bxa6 Qxa6 30. Qg5 Rge7
31. Rh6 bxc3 32. bxc3 Qb6 33. h3 Kg7 34. Rg3 Qb1+ 35. Kh2 f4 36. Rf3 Rf7 37. Rxf4 Rxf4 38. Qxf4 Rxc3 39. Qg5 Qf5 40. h4 Qxg5
41. hxg5 Rxa3 42. Rh4 a4 43. Rf4 Re3 44. Rf2 h5 45. Ra2 a3 46. g3 Rd3 47. Kh3 Rxd4 48. Rxa3 e5 49. Ra7+ Kf8 50. Rb7 Rg4
51. Rb8+ Kf7 52. Rd8 Ke6 53. Rg8 Kf5
0-1

[Event "Blackmar-Diemer Gambit Thematic #3"]
[Site "SchemingMind.com"]
[Date "2018.09.06"]
[Round "-"]
[White "echecs"]
[Black "Marc Wakeham"]
[Result "1-0"]
[WhiteCountry "ENG"]
[BlackCountry "WLS"]
[WhiteElo "1835"]
[WhiteRD "62"]
[BlackElo "1597"]
[BlackRD "78"]
[GameID "432215"]

1. d4 d5 2. Nc3 Nf6 3. e4 dxe4 4. f3 exf3 5. Nxf3 g6 6. Be2 Bg7 7. O-O O-O 8. Bf4 Nd5 9. Nxd5 Na6 10. Ne3 c6
11. c3 Nc7 12. Ne5 Ne6 13. Bg3 Ng5 14. N3c4 Be6 15. Bh4 Ne4 16. Bd3 Nd6 17. b3 Nxc4 18. Nxc4 Qd7 19. Qe1 Rae8 20. Qg3 Bd5
21. Bg5 e6 22. Qh4 b5 23. Ne3 f5 24. Bh6 Rf7 25. Bxg7 Rxg7 26. c4 bxc4 27. Nxd5 cxd5 28. bxc4 Rf7 29. c5 Rb8 30. a4 Rb4
31. Bb5 Qc8 32. Rf4 a5 33. c6 Rc7 34. Qf6 Qe8 35. g4 Qe7 36. Qxe7 Rxe7 37. Re1 Kf7 38. gxf5 exf5 39. Rxe7+ Kxe7 40. Kg2 Kd6
41. Kg3 Rb2 42. h4 Rb3+ 43. Rf3 Rb1 44. Kf4 Rg1 45. Rc3 Kc7 46. Ke5 Rh1 47. Kxd5 Rxh4 48. Ke6 f4 49. d5 g5 50. d6+ Kc8
51. d7+
1-0

[Event "Blackmar-Diemer Gambit Thematic #3"]
[Site "SchemingMind.com"]
[Date "2018.09.07"]
[Round "-"]
[White "Glenn O'Brien"]
[Black "echecs"]
[Result "0-1"]
[WhiteCountry "AUS"]
[BlackCountry "ENG"]
[WhiteElo "1986"]
[WhiteRD "73"]
[BlackElo "1835"]
[BlackRD "62"]
[GameID "432216"]

1. d4 d5 2. Nc3 Nf6 3. e4 dxe4 4. f3 exf3 5. Nxf3 c6 6. Bc4 e6 7. O-O Be7 8. Bg5 O-O 9. Qe1 Nbd7 10. Qh4 Nd5
11. Ne4 b5 12. Bxd5 Bxg5 13. Nexg5 h6 14. Bxc6 Rb8 15. Ne4 Qb6 16. Bxd7 Bxd7 17. Nc5 Bc6 18. Ne5 Rbd8 19. Rf2 Rd5 20. Qe7 Rxd4
21. Nxe6 fxe6 22. Qd6 Rxd6
0-1

[Event "Blackmar-Diemer Gambit Thematic #3"]
[Site "SchemingMind.com"]
[Date "2018.09.06"]
[Round "-"]
[White "echecs"]
[Black "Glenn O'Brien"]
[Result "0-1"]
[WhiteCountry "ENG"]
[BlackCountry "AUS"]
[WhiteElo "1835"]
[WhiteRD "62"]
[BlackElo "1986"]
[BlackRD "73"]
[GameID "432217"]

1. d4 d5 2. Nc3 Nf6 3. e4 dxe4 4. f3 exf3 5. Nxf3 Bg4 6. Be2 e6 7. O-O Be7 8. Be3 Nc6 9. a3 a6 10. h3 Bh5
11. Nb1 Nd5 12. Bf2 Nf4 13. c3 Nxe2+ 14. Qxe2 Bxf3 15. Qxf3 O-O 16. Bg3 Bh4 17. Nd2 Bxg3 18. Qxg3 e5 19. Nf3 exd4 20. cxd4 Nxd4
21. Ng5 Ne2+
0-1

[Event "Blackmar-Diemer Gambit Thematic #3"]
[Site "SchemingMind.com"]
[Date "2018.09.06"]
[Round "-"]
[White "Geoffrey Rosser"]
[Black "echecs"]
[Result "1-0"]
[WhiteCountry "ENG"]
[BlackCountry "ENG"]
[WhiteElo "1871"]
[WhiteRD "65"]
[BlackElo "1866"]
[BlackRD "62"]
[GameID "432218"]

1. d4 d5 2. Nc3 Nf6 3. e4 dxe4 4. f3 exf3 5. Nxf3 c6 6. Bc4 Bg4 7. O-O e6 8. Bg5 Be7 9. Qd2 O-O 10. Ne5 Bf5
11. Rae1 Nbd7 12. Nf3 Nb6 13. Bb3 Nbd5 14. Nh4 Bg4 15. Nf3 a5 16. Nxd5 cxd5 17. Ne5 Bf5 18. a3 Qc7 19. Qe2 a4 20. Ba2 Qxc2
21. Qxc2 Bxc2 22. Bxf6 gxf6 23. Nd7 Rfd8 24. Nxf6+ Kg7 25. Ng4 h5 26. Ne5 f6 27. Nf3 Rd6 28. Bb1 Rc8 29. Bxc2 Rxc2 30. Rf2 Rxf2
31. Kxf2 Kg6 32. h3 Rb6 33. Re2 Bd8 34. Rc2 Rd6 35. Ke2 Kf5 36. Ke3 e5 37. dxe5 fxe5 38. g4+ hxg4 39. hxg4+ Ke6 40. Rg2 Bb6+
41. Kd2 e4 42. Ng5+ Kf6 43. Nh3 d4 44. g5+ Kg7 45. Rg4 Ba5+ 46. Kd1 e3 47. Re4 Kg6 48. Re5 Bb6 49. Nf4+ Kf7 50. g6+ Kf6
51. Rd5 Rc6 52. Rd7 Bc5 53. g7 Rc8 54. Rc7 Rxc7 55. g8=Q Rc6 56. Qg6+ Ke5 57. Nd3+ Kd5 58. Qf7+ Kd6 59. Qf4+ Kd5 60. Qf7+ Kd6
61. Nxc5 Rxc5 62. Qxb7 Ke5 63. Qb4 Rd5 64. Qxa4 d3 65. Qe8+ Kd4 66. Qh8+ Re5 67. Qh4+ Kd5 68. b3 Re4 69. Qd8+ Ke5 70. Qxd3 Kf4
71. Qxe4+ Kxe4 72. Ke2 Kd4 73. a4
1-0

[Event "Blackmar-Diemer Gambit Thematic #3"]
[Site "SchemingMind.com"]
[Date "2018.09.06"]
[Round "-"]
[White "echecs"]
[Black "Geoffrey Rosser"]
[Result "0-1"]
[WhiteCountry "ENG"]
[BlackCountry "ENG"]
[WhiteElo "1835"]
[WhiteRD "62"]
[BlackElo "1870"]
[BlackRD "64"]
[GameID "432219"]

1. d4 d5 2. Nc3 Nf6 3. e4 dxe4 4. f3 exf3 5. Nxf3 Bg4 6. Be2 e6 7. O-O Nc6 8. Be3 Qd7 9. Qd2 Bb4 10. a3 Be7
11. Rad1 O-O 12. h3 Bf5 13. Nh4 Ne4 14. Nxe4 Bxh4 15. Nc5 Qc8 16. c3 Be7 17. Nd3 Rd8 18. Qe1 Bd6 19. Qh4 Bg6 20. Nf4 Be7
21. Qf2 Bf6 22. Nxg6 hxg6 23. Qg3 Ne7 24. Bg5 Nf5 25. Qf4 Bxg5 26. Qxg5 Rd5 27. Bc4 Qd8 28. Qf4 e5 29. Qf3 Rd6= 30. g4 Nh6
31. Bxf7+ Nxf7 32. Qxf7+ Kh7 33. Rde1 Qh4 34. Kg2 Rf6 35. Rxf6 Qxf6 36. Qxc7 Rf8 37. Qxe5 Qf2+ 38. Kh1 Rf3
0-1

[Event "Blackmar-Diemer Gambit Thematic #3"]
[Site "SchemingMind.com"]
[Date "2018.09.06"]
[Round "-"]
[White "echecs"]
[Black "private napoleon"]
[Result "1-0"]
[WhiteCountry "ENG"]
[BlackCountry "ENG"]
[WhiteElo "1835"]
[WhiteRD "62"]
[BlackElo "1751"]
[BlackRD "83"]
[GameID "432220"]

1. d4 d5 2. Nc3 Nf6 3. e4 dxe4 4. f3 exf3 5. Nxf3 e6 6. Be2 Bb4 7. Bd2 O-O 8. O-O Nc6 9. Bg5 Bxc3 10. bxc3 Qd5
11. Bxf6 gxf6 12. Qe1 Kh8 13. Qh4 Qd8 14. Bd3 f5 15. Ng5 Kg7 16. Qxh7+ Kf6 17. Qh6+ Ke7 18. Nh7 Rh8 19. Qf6+ Kd7 20. Qxf7+ Ne7
21. Bxf5 exf5 22. Rxf5 c6 23. Re1 Kd6 24. Rf6+ Kd7 25. Rfe6
1-0

[Event "Blackmar-Diemer Gambit Thematic #3"]
[Site "SchemingMind.com"]
[Date "2018.09.06"]
[Round "-"]
[White "private napoleon"]
[Black "echecs"]
[Result "1-0"]
[WhiteCountry "ENG"]
[BlackCountry "ENG"]
[WhiteElo "1751"]
[WhiteRD "83"]
[BlackElo "1835"]
[BlackRD "62"]
[GameID "432221"]

1. d4 d5 2. Nc3 Nf6 3. e4 dxe4 4. f3 exf3 5. Nxf3 c6 6. Bc4 e6 7. O-O Be7 8. Be3 Nbd7 9. Bb3 O-O 10. Qd2 Nb6
11. Ne5 Nbd5 12. Rae1 Nxe3 13. Qxe3 Nd5 14. Nxd5 cxd5 15. c3 Bf6 16. Ng4 Bg5 17. Qh3 a6 18. Bc2 g6 19. Ne5 f5 20. g3 Bd7
21. Kh1 Bb5 22. Rg1 Re8 23. g4 Bf4 24. gxf5 exf5 25. Qxf5 Bxe5 26. Rxe5 Bc6 27. Rxg6+ hxg6 28. Qxg6+ Kf8 29. Rf5+ Ke7 30. Rf7#
1-0

[Event "Blackmar-Diemer Gambit Thematic #3"]
[Site "SchemingMind.com"]
[Date "2018.09.06"]
[Round "-"]
[White "echecs"]
[Black "flyinduck"]
[Result "0-1"]
[WhiteCountry "ENG"]
[BlackCountry "CAN"]
[WhiteElo "1835"]
[WhiteRD "62"]
[BlackElo "2023"]
[BlackRD "52"]
[GameID "432222"]

1. d4 d5 2. Nc3 Nf6 3. e4 dxe4 4. f3 exf3 5. Nxf3 Bg4 6. Be2 e6 7. O-O Be7 8. Bf4 O-O 9. h3 Bh5 10. Bg3 c6
11. a3 Nbd7 12. Kh1 Nd5 13. Nxd5 cxd5 14. c3 Nf6 15. Qe1 Ne4 16. Bh2 Bxf3 17. Bxf3 f5 18. g4 Bd6 19. gxf5 exf5 20. Bxd6 Qxd6
21. Rg1 Rf6 22. Bxe4 fxe4 23. Qe2 Rf3 24. Qg2 Qh6 25. Kh2 Raf8 26. Raf1 Qf4+ 27. Kh1 g6 28. Rxf3 exf3 29. Qg4 f2 30. Qe6+ Kg7
31. Rf1 Qe4+ 32. Qxe4 dxe4 33. Kg2 e3 34. d5 e2
0-1

[Event "Blackmar-Diemer Gambit Thematic #3"]
[Site "SchemingMind.com"]
[Date "2018.09.06"]
[Round "-"]
[White "flyinduck"]
[Black "echecs"]
[Result "1-0"]
[WhiteCountry "CAN"]
[BlackCountry "ENG"]
[WhiteElo "2023"]
[WhiteRD "52"]
[BlackElo "1835"]
[BlackRD "62"]
[GameID "432223"]

1. d4 d5 2. Nc3 Nf6 3. e4 dxe4 4. f3 exf3 5. Nxf3 c6 6. Bc4 e6 7. O-O Be7 8. Bg5 Nbd7 9. Qe2 Nb6 10. Bb3 O-O
11. Rad1 Nbd5 12. Rd3 b6 13. Ne5 Bb7 14. Rh3 Nxc3 15. bxc3 Nd5 16. Qh5 h6 17. Bxh6 Nf6 18. Qh4 Nh7 19. Bg5
1-0

[Event "Blackmar-Diemer Gambit Thematic #3"]
[Site "SchemingMind.com"]
[Date "2018.09.06"]
[Round "-"]
[White "echecs"]
[Black "Johnny Owens"]
[Result "1-0"]
[WhiteCountry "ENG"]
[BlackCountry "USA"]
[WhiteElo "1835"]
[WhiteRD "62"]
[BlackElo "2311"]
[BlackRD "65"]
[GameID "432224"]

1. d4 d5 2. Nc3 Nf6 3. e4 dxe4 4. f3 exf3 5. Nxf3 Bg4 6. Be2 e6 7. O-O Nc6 8. Be3 Bd6 9. Nb5 O-O 10. Nxd6 cxd6
11. c3 h6 12. Qd2 Ne4 13. Qd1 Rc8 14. Bd3 d5 15. Qc2 Nb4 16. Qe2 Bxf3 17. Rxf3 Nxd3 18. Qxd3 g5 19. Rh3 Kg7 20. Rf1
1-0